000 00446nam a2200181 a 4500
001 1761486480549
003 ACL
005 20251026192010.0
008 251026s2008##################000#0#eng##
020 _a9788181289278
082 0 4 _a658.8700285
_bBEC
100 1 _aBecker,
_eauthor.
245 1 0 _aRetail Information Systems Based On Sap Products :
260 _c2008.
300 _a246 pages
942 _cENGLISH
040 _aACL
_beng
_cACL
999 _c594035
_d594035